Countries with names that end on Tan - Statistics

General Stats
  • This quiz has been taken 33 times
    25 since last reset
  • The average score is 7 of 8
Answer Stats
Hint Answer % Correct
Asia Afghanistan
100%
Asia Uzbekistan
100%
Asia Kyrgistan|Kyrgystan|Kyrgyzstan
96%
Asia Pakistan
96%
Asia Tajikistan
96%
Asia Turkmenistan
96%
Asia Kazakhstan
92%
Asia Bhutan
58%
No matching quizzes found
Score Distribution
Percent of People with Each Score
Percentile by Number Answered
Your Score History
You have not taken this quiz since the last reset